| 000 | 00645nam a2200229Ia 4500 | ||
|---|---|---|---|
| 001 | 18549 | ||
| 003 | GE_BSU | ||
| 008 | 181216s||||||||xx |||||||||||||| ||und|| | ||
| 020 | _a9781581522372 | ||
| 040 | _cGE_BSU | ||
| 245 | _aCULTURAL PERSPECTIVES A Sourcebook | ||
| 245 | _bVolume 2 | ||
| 245 | _cEdited by: Rosemary Mims Fisk John Mayfield | ||
| 260 | _aUnited states America | ||
| 260 | _bCusto Publishing | ||
| 260 | _c2008 | ||
| 300 | _a376p;20cm. | ||
| 653 | _aCULTURAL PERSPECTIVES A Sourcebook | ||
| 653 | _aკულტურა | ||
| 653 | _aკულტურული პერსპექტივები | ||
| 942 | _cBK | ||
| 999 |
_c51558 _d51558 |
||